Joven y amor
Saved in:
| Hovedforfatter: | |
|---|---|
| Format: | Bog |
| Sprog: | spansk |
| Udgivet: |
Santiago
Instituto Chileno de estudios humanísticos
1976
|
| Udgivelse: | 1a. ed |
| Serier: | Serie D, número 2
|
| Fag: | |
| Tags: |
Tilføj Tag
Ingen Tags, Vær først til at tagge denne postø!
|
MARC
| LEADER | 00000nam a2200000 a 4500 | ||
|---|---|---|---|
| 001 | UCH7984 | ||
| 003 | CL-VaPUC | ||
| 005 | 20210728184644.0 | ||
| 008 | 091127e19760000CL |||||||||||||||||spa|d | ||
| 999 | |c 338269 |d 338267 | ||
| 040 | |c Pontificia Universidad Católica de Valparaíso | ||
| 082 | 0 | 4 | |a 155 |b MAN |2 21 |
| 100 | |a Manzi Astudillo, Jorge Manuel |e autor |9 862328 | ||
| 245 | 1 | 0 | |a Joven y amor |
| 250 | |a 1a. ed | ||
| 260 | |a Santiago |b Instituto Chileno de estudios humanísticos |c 1976 | ||
| 300 | |a 19 p | ||
| 490 | 0 | |a Serie D, número 2 | |
| 583 | |a last modification |c 20091127 00:00:00 |k Rodrigo Vera | ||
| 650 | 0 | |a Psicología |9 257863 | |
| 650 | 7 | |a PSICOLOGIA AFECTIVA |2 CL-VaPUC |9 544369 | |
| 650 | 7 | |a ORIENTACION PSICOLOGICA |2 CL-VaPUC |9 311637 | |
| 942 | |c BK |2 ddc | ||
| 945 | |d 20091127 00:00:00 |a ccalabra | ||